200+ Music Genres - Statistics

General Stats
  • This quiz has been taken 222 times
    221 since last reset
  • The average score is 15 of 305
Answer Stats
Genre Answer % Correct
Rock Metal
52%
Hip hop Rap
48%
Rock Heavy Metal
43%
Pop | Rock Pop-Rock
43%
Rock Death Metal
37%
Rock Punk Rock
32%
Rock Hard Rock
31%
Rock Indie Rock
31%
Rock Alternative Rock
30%
Rock Nu Metal
28%
Rock Grunge
27%
Pop Pop Punk
27%
Pop Indiepop
26%
Pop K-Pop
26%
Country Country Rock
25%
Others Classical
23%
Synthwave Synthpop
22%
Rock Black Metal
21%
Pop Hyperpop
21%
Dubstep Dub
20%
Pop Country pop
19%
Pop Dance Pop
19%
Pop Electropop
18%
Pop Alternative Pop
17%
Pop Art pop
17%
Hip hop Drill
17%
Rock Progressive Rock
17%
Rock Rock and Roll
17%
Rock Thrash Metal
17%
House Deep House
15%
DnB Jungle
15%
Pop Bubblegum Pop
14%
Pop Dream Pop
14%
Dubstep Brostep
13%
Rock Post-Rock
13%
Hip hop Boom Bap
12%
Hip hop Cloud Rap
12%
Country Bluegrass
11%
Breaks Breakcore
11%
Rock Art Rock
10%
Hip hop Gangsta Rap
10%
Rock Garage Rock
10%
Pop Jazz Pop
10%
Hip hop Jazz Rap
10%
Rock Psychedelic Rock
10%
Pop Folk Pop
9%
Hip Hop Lo-fi
9%
Rock Metalcore
9%
Pop Progressive Pop
9%
Hip hop Trip Hop
9%
Synthwave Vaporwave
9%
Hip hop Alternative Hip hop
8%
Rock Blues Rock
8%
Breaks Breakbeat
8%
Hip hop Grime
8%
Rock Industrial Rock
8%
Rock Progressive Metal
8%
Pop Teen pop
8%
House Tropical House
8%
Rock Acid Rock
7%
Jazz Bebop
7%
Pop Disco pop
7%
House Electro House
7%
Rock Glam Rock
7%
House Progressive House
7%
Pop Baroque Pop
6%
Hip hop East Coast Hip-Hop
6%
Pop Euro pop
6%
DnB Liquid DnB
6%
Hip hop Mumble Rap
6%
DnB Neurofunk
6%
Country Alt-Country
5%
House Chicago House
5%
Synthwave Chillwave
5%
Others Future Bass
5%
Pop Soul Pop
5%
Hip hop Southern Hip hop
5%
House UK House
5%
Hip hop West Coast Hip-Hop
5%
Jazz Cool Jazz
4%
Jazz Fusion
4%
House Future House
4%
Dubstep Melodic Dubstep
4%
Hip hop Miami Bass
4%
Others Opera
4%
Country Outlaw Country
4%
Ballade Power Ballad
4%
Dubstep Riddim
4%
Hip hop Trap Rap
4%
Jazz Acid jazz
3%
Others Acoustic
3%
House Bass House
3%
Country Bro Country
3%
Pop Chamber Pop
3%
Dubstep Chillstep
3%
House Complextro
3%
Hip hop Conscious Hip Hop
3%
Country Cowboy
3%
DnB Dancefloor DnB
3%
DnB | Dubstep Darkstep
3%
Jazz Dixieland
3%
DnB Drumfunk
3%
Jazz Free Jazz
3%
House Ghetto House
3%
Jazz Hard Bop
3%
Trap Hard Trap
3%
House Melodic House
3%
Others Orchestral
3%
Pop R&B-Pop
3%
Synthwave Retrowave
3%
Rock Rock and Metal
3%
House Tech House
3%
DnB | Dubstep Techstep
3%
Dubstep Wubstep
3%
DnB Atmospheric DnB
2%
House Big Room House
2%
Dubstep Briddim
2%
DnB Crossbreed
2%
Synthwave Darksynth
2%
Synthwave Dreamwave
2%
Dubstep Dubstyle
2%
House Dutch House
2%
Trap EDM Trap
2%
Pop Futurepop
2%
Hip hop | House Hip House
2%
Trap Hybrid Trap
2%
Hip hop Hyphy
2%
Country Indie Country
2%
House Italo House
2%
DnB Jump Up DnB
2%
Dubstep Melodic Brostep
2%
Dubstep Neurostep
2%
Hip hop Rage Rap
2%
Synthwave Synthpunk
2%
Dubstep Tearout
2%
Dubstep | Trap Trapstep
2%
House Tribal House
2%
Dubstep UK Dubstep
2%
Jazz Avantgarde Jazz
1%
Phonk Baile Funk
1%
Country Bakersfield Sound
1%
House Brazilian Bass
1%
Phonk Brazilian Funk
1%
Breaks Breakbeat Hardcore
1%
Jazz Chamber Jazz
1%
House Chill House
1%
Trap Chill Trap
1%
Others Cinematic
1%
Synthwave Cinematic Synth
1%
Trap Cloud Trap
1%
Trap Conscious Trap
1%
Ballade Country Ballad
1%
Synthwave Cybersynth
1%
Others Djent
1%
Phonk Drift Phonk
1%
Trap Drill Trap
1%
Dubstep Dubchestral
1%
Ballade Electronic Ballad
1%
Trap Emo Trap
1%
House Fidget House
1%
Hip hop Freestyle Hip Hop
1%
Dubstep Future Riddim
1%
Dubstep Futurestep
1%
Trap Future Trap
1%
Others Glitch Hop
1%
DnB Half-Time DnB
1%
Jazz Jazzcore
1%
DnB Jazzstep
1%
Others Jersey Club
1%
Jazz Latin Jazz
1%
DnB Liquid Neuro
1%
Hip hop Lo-fi hiphop
1%
Pop Lo-Fi pop
1%
Synthwave Lo-Fi Synth
1%
DnB Melodic DnB
1%
Dubstep Melodic Riddim
1%
Dubstep Melodic Rockstep
1%
Trap Melodic Trap
1%
Trap Melodic Trapstep
1%
Dubstep Microstep
1%
DnB Minimal DnB
1%
House Minimalistic House
1%
Jazz Modal Jazz
1%
Synthwave Outrun
1%
House Phonk House
1%
Pop Pop-EDM
1%
Dubstep Post-Dubstep
1%
Pop Post-Punk Pop
1%
Dubstep Psycore
1%
House Rally House
1%
Dubstep Rockstep
1%
Rock Screamo Metal
1%
House Slap House
1%
House Speed House
1%
Synthwave Synth EDM
1%
Pop Tropipop
1%
Breaks 140 Breaks
0%
House 8th Note Progressive
0%
Breaks Acid Breaks
0%
Ballade Acoustic Ballad
0%
Pop Acoustic Pop
0%
Jazz Afro-Jazz
0%
Synthwave Ambient Synth
0%
Trap Ambient Trap
0%
Phonk Aura Phonk
0%
Country Australiana Country
0%
Ballade Baroque Pop Ballad
0%
Country Bedroom Country
0%
Synthwave Berlin School
0%
Breaks Big Beats
0%
Ballade Blues Ballad
0%
Breaks Breakstep
0%
Country Canadiana
0%
Ballade Champer Pop Ballad
0%
Others Chickenstep
0%
Jazz Chill Jazz
0%
Country Christian Country
0%
Others Christmas Music
0%
Trap Classic Trap
0%
Dubstep Color Bass
0%
Country Contemporary Country
0%
Synthwave Cyberpunk Synth
0%
Country Dark americana
0%
Country Dark Country
0%
Country Desert Country
0%
Synthwave Dungeon Synth
0%
Breaks Electro Breaks
0%
Jazz Electro-Jazz
0%
Ballade Electro-Soul Ballad
0%
Jazz Ethio-Jazz
0%
Trap Eurotrap
0%
Trap Experimental Trap
0%
Breaks Florida Breaks
0%
Ballade Folk Ballad
0%
Ballade Folk-Rock Ballad
0%
Breaks Funky Breaks
0%
House Future Bounce
0%
Dubstep Glitchstep
0%
Jazz Gypsy Jazz
0%
Dnb Halftime Neuro
0%
Trap Heaven Trap
0%
Country Honky Tonk
0%
Others Hurrian Songs
0%
Ballade Indie Ballad
0%
Ballade Indie Folk Ballad
0%
DnB Industrial DnB
0%
Synthwave Industrial Synth
0%
Breaks Intelligent Breaks
0%
Jazz Japanese Jazz
0%
Ballade Jazz Ballad
0%
Jazz Jazztronica
0%
Phonk Krushclub
0%
Phonk Krushfunk
0%
Ballade Latin Pop Ballad
0%
Trap Liquid Trap
0%
Trap Lo-Fi Trap
0%
House Melbourne Bounce
0%
Others Melodic bass
0%
Synthwave Minimal Synth
0%
Synthwave Modern Synth Disco
0%
Country Mountain Music
0%
Others Naï
0%
Country Nashville Sound
0%
Synthwave Neo-Italo
0%
Breaks Neurobreaks
0%
DnB Neurohop
0%
Jazz New Jazz
0%
Dubstep Nightstep
0%
Jazz Noise Jazz
0%
House Norwegian House
0%
Breaks Nu Skool Breaks
0%
Country Old-Time
0%
House Organic House
0%
Trap Oriental Trap
0%
Ballade Piano Ballad
0%
Country Progressive Bluegrass
0%
Breaks Psybreaks
0%
Country Psychedelic Country
0%
Ballade R&B Ballad
0%
Hip hop R&B Hip Hop
0%
Country Red dirt
0%
Pop Reggaeton pop
0%
Hip hop Reggaeton Rap
0%
Breaks Retro Breaks
0%
Dubstep Robotstep
0%
Jazz Scandinavian Jazz
0%
Pop Ska-Pop
0%
Ballade Ska-Pop Ballad
0%
Hip Hop Snap music
0%
Ballade Soft Rock Ballad
0%
Ballade Soul Ballad
0%
DnB Tech DnB
0%
Jazz Third Stream
0%
Dubstep Trancestep
0%
Ballade Trap Ballad
0%
Country Truck driving Country
0%
Jazz World Jazz
0%
Country Yacht Country
0%
No matching quizzes found
Score Distribution
Percent of People with Each Score
Percentile by Number Answered
Your Score History
You have not taken this quiz since the last reset